| 000 | 01269nab a22002537a 4500 | ||
|---|---|---|---|
| 999 |
_c6382 _d6382 |
||
| 003 | OSt | ||
| 005 | 20260201152601.0 | ||
| 008 | 190506c xxu||||| |||| 00| 0 spa d | ||
| 040 | _cPJ | ||
| 100 |
_97025 _aGauna, Belén Isabel |
||
| 245 | 1 | 0 |
_aNueva concepción del derecho del trabajo / _bBelén Isabel Gauna, Rodrigo Gastón Sánchez. |
| 260 |
_aBuenos Aires : _bAbeledoPerrot, _c2023. |
||
| 300 | _ap. 26-32 | ||
| 500 | _aCita: TR LALEY AR/DOC/1569/2023 | ||
| 505 | _aSumario: I. Contrato de trabajo: relación de dependencia.— II. ¿Plataformas digitales como contrato de trabajo?— III. Trabajadores de plataforma: ¿nueva categoría de trabajadores?— IV. Jurisprudencia argentina: principio de la primacía de la realidad.— V. ¿Cómo es en otras partes del mundo?— VI. Conclusiones.— VII. Bibliografía. | ||
| 505 | _t¿Te interesa el texto completo? Comunicate al correo: koha@justierradelfuego.gov.ar | ||
| 650 | 0 |
_91316 _aDERECHO LABORAL |
|
| 650 | 0 |
_9281 _aINTERNET |
|
| 650 | 0 |
_91402 _aJORNADA DE TRABAJO |
|
| 650 | 0 |
_91323 _aCONTRATO DE TRABAJO |
|
| 650 | 0 |
_94193 _aPROYECTO DE LEY |
|
| 773 | 0 |
_02751 _93202 _dBuenos Aires : AbeledoPerrot, 2013- _tRevista de derecho laboral y seguridad social. Nº 16 - Agosto 2023 |
|
| 942 |
_2udc _cANA |
||